[Event "22. Torneo de Otoño C.C.C. 2017"]
[Site "Colmenarejo ESP"]
[Date "2017.10.08"]
[Round "4.10"]
[White "Olmedo Alvarez, Marcos"]
[Black "Olmedo Alvarez, Jesus"]
[Result "1-0"]
[WhiteElo "1360"]
[BlackElo "1344"]
[PlyCount "103"]
[EventDate "2017.09.17"]
[EventType "swiss"]
[EventRounds "7"]
[EventCountry "ESP"]
[SourceTitle "Ajedrez en Madrid"]
[Source "lmi"]
[SourceDate "2017.09.17"]

1. e4 e6 2. d3 d5 3. Nd2 Nf6 4. Ngf3 Nc6 5. g3 Bc5 6. Bg2 O-O 7. O-O dxe4 8.
dxe4 e5 9. Re1 Bg4 10. Nb3 Qxd1 11. Rxd1 Bb6 12. Re1 Rad8 13. Bg5 Rd6 14. c4
Ba5 15. Nxa5 Nxa5 16. Nd2 c5 17. f3 Bh5 18. g4 Bg6 19. Be3 b6 20. a3 Nc6 21. h3
h6 22. f4 Rfd8 23. f5 Bh7 24. g5 hxg5 25. Bxg5 Rxd2 26. Bxd2 Rxd2 27. Rad1 Rxb2
28. Rd6 Rc2 29. Red1 Kf8 30. Rxc6 Rxc4 31. Rc7 Rd4 32. Rxd4 cxd4 33. Rxa7 Ke8
34. Ra6 Nd7 35. Bf1 Nc5 36. Bb5+ Ke7 37. Ra7+ Kf6 38. Bc6 g6 39. Be8 Bg8 40.
Ra8 Nxe4 41. Bc6 gxf5 42. Bxe4 fxe4 43. Rxg8 e3 44. Kf1 d3 45. Rd8 e4 46. h4
Kg7 47. Rd6 f5 48. h5 f4 49. Rd4 d2 50. Ke2 f3+ 51. Kxe3 f2 52. Kxf2 1-0

[Event "22. Torneo de Otoño C.C.C. 2017"]
[Site "Colmenarejo ESP"]
[Date "2017.10.08"]
[Round "4.11"]
[White "Peña Negueruela, Francisco"]
[Black "Criado Riesgo, Manuel"]
[Result "0-1"]
[WhiteElo "1286"]
[BlackElo "1646"]
[PlyCount "112"]
[EventDate "2017.09.17"]
[EventType "swiss"]
[EventRounds "7"]
[EventCountry "ESP"]
[SourceTitle "Ajedrez en Madrid"]
[Source "lmi"]
[SourceDate "2017.09.17"]

1. e4 d5 2. d4 dxe4 3. Nc3 Nf6 4. Bb5+ c6 5. Bc4 Bg4 6. f3 exf3 7. gxf3 Bd7 8.
Ne4 e6 9. Bf4 Nxe4 10. fxe4 Qh4+ 11. Bg3 Qxe4+ 12. Kd2 Qxh1 13. Qe2 Be7 14. Re1
b5 15. Bb3 a5 16. Nf3 Qxe1+ 17. Qxe1 a4 18. Bxe6 Bxe6 19. Qe4 O-O 20. Bh4 Bxh4
21. Nxh4 Ra6 22. Nf3 Bd5 23. Qe3 Bxf3 24. Qxf3 Nd7 25. Qe2 Nf6 26. Qe7 Raa8 27.
c3 h6 28. Qc7 Rac8 29. Qe5 Rfe8 30. Qf5 c5 31. dxc5 Ne4+ 32. Kc2 Rxc5 33. Qd7
Rce5 34. Qc6 Nc5 35. Qxb5 Re2+ 36. Kd1 Re1+ 37. Kd2 R8e2+ 38. Qxe2 Rxe2+ 39.
Kxe2 Kf8 40. Ke3 Ke7 41. Kd4 Kd6 42. Kc4 f5 43. Kd4 g5 44. Ke3 Ke5 45. h3 h5
46. c4 g4 47. hxg4 fxg4 48. Kf2 Kf4 49. Kg2 g3 50. b3 axb3 51. axb3 Nxb3 52. c5
Nxc5 53. Kg1 Kf3 54. Kh1 g2+ 55. Kg1 Nd7 56. Kh2 Kf2 0-1

[Event "22. Torneo de Otoño C.C.C. 2017"]
[Site "Colmenarejo ESP"]
[Date "2017.10.08"]
[Round "4.12"]
[White "Bahillo Vallejo, Ignacio"]
[Black "Almodovar Manzanares, Vicente"]
[Result "1-0"]
[WhiteElo "1263"]
[BlackElo "1537"]
[PlyCount "79"]
[EventDate "2017.09.17"]
[EventType "swiss"]
[EventRounds "7"]
[EventCountry "ESP"]
[SourceTitle "Ajedrez en Madrid"]
[Source "lmi"]
[SourceDate "2017.09.17"]

1. d4 Nf6 2. c4 g6 3. Bg5 Bg7 4. Nf3 O-O 5. e3 h6 6. Bh4 d5 7. cxd5 Nxd5 8. Nc3
g5 9. Bg3 c6 10. Bd3 f5 11. Be5 Nf6 12. h3 e6 13. O-O Nbd7 14. Bd6 Rf7 15. Ba3
Nd5 16. Qc2 N7b6 17. Rac1 Nxc3 18. bxc3 Qc7 19. Rfe1 Nd7 20. c4 c5 21. Bb2 b6
22. a4 Bb7 23. e4 g4 24. exf5 gxf3 25. fxe6 Re7 26. exd7 Rxe1+ 27. Rxe1 Qxd7
28. d5 fxg2 29. Kxg2 Rf8 30. Rg1 Bc8 31. Kf1 Qxh3+ 32. Ke1 Re8+ 33. Kd2 Re7 34.
Bh7+ Kf8 35. Qg6 Qd7 36. Bxg7+ Rxg7 37. Qf6+ Qf7 38. Qd8+ Qe8 39. Qxe8+ Kxe8
40. Rxg7 1-0

[Event "22. Torneo de Otoño C.C.C. 2017"]
[Site "Colmenarejo ESP"]
[Date "2017.10.08"]
[Round "4.16"]
[White "Urruti Diaz, Anibal Agustin"]
[Black "Anton Ortiz, Javier"]
[Result "1-0"]
[WhiteElo "1681"]
[BlackElo "1201"]
[PlyCount "63"]
[EventDate "2017.09.17"]
[EventType "swiss"]
[EventRounds "7"]
[EventCountry "ESP"]
[SourceTitle "Ajedrez en Madrid"]
[Source "lmi"]
[SourceDate "2017.09.17"]

1. e4 e5 2. Nf3 Nc6 3. Bc4 Bc5 4. O-O Nf6 5. d3 a6 6. a4 d6 7. h3 O-O 8. Bg5
Nd4 9. Nxd4 Bxd4 10. c3 Ba7 11. Nd2 h6 12. Bh4 g5 13. Bg3 h5 14. h4 Ng4 15. Nf3
gxh4 16. Bxh4 Qd7 17. d4 Kh7 18. Ng5+ Kg6 19. Qd2 Qd8 20. dxe5 dxe5 21. Bxf7+
Kf6 22. Nh7+ Kxf7 23. Bxd8 Rg8 24. Ng5+ Rxg5 25. Qxg5 Be6 26. Qxh5+ Kf8 27.
Bxc7 Nf6 28. Bd6+ Kg8 29. Qg6+ Kh8 30. Bxe5 Rg8 31. Bxf6+ Rg7 32. Qxg7# 1-0

[Event "22. Torneo de Otoño C.C.C. 2017"]
[Site "Colmenarejo ESP"]
[Date "2017.10.15"]
[Round "5.1"]
[White "Perez De Villar Munoz, Eusebio"]
[Black "Minguez Greciano, Iluminada"]
[Result "0-1"]
[WhiteElo "1999"]
[BlackElo "1836"]
[PlyCount "85"]
[EventDate "2017.09.17"]
[EventType "swiss"]
[EventRounds "7"]
[EventCountry "ESP"]
[SourceTitle "Ajedrez en Madrid"]
[Source "lmi"]
[SourceDate "2017.09.17"]

1. e4 c6 2. d4 d5 3. e5 c5 4. Bb5+ Bd7 5. Bxd7+ Nxd7 6. c3 e6 7. Ne2 Ne7 8. Ng3
Nc6 9. O-O Qb6 10. Ne2 Be7 11. a3 O-O 12. b4 cxd4 13. cxd4 a5 14. bxa5 Nxa5 15.
Nbc3 Nc4 16. Rb1 Qc6 17. Qb3 Rfb8 18. Nb5 Na5 19. Qd3 Qc4 20. Rd1 Rc8 21. Qxc4
Nxc4 22. Be3 Ndb6 23. Bc1 Rc6 24. Rd3 Na4 25. h3 Ra5 26. Rdb3 Ra8 27. f4 Na5
28. Rf3 Rc2 29. Kf1 Rac8 30. f5 Nc4 31. f6 Bf8 32. fxg7 Kxg7 33. Rd3 Nab2 34.
Bxb2 Nxb2 35. Rb3 Nc4 36. Rg3+ Kh8 37. Ke1 Bh6 38. Nbc3 Nxa3 39. Rb2 Bd2+ 40.
Kd1 Bxc3 41. Nxc3 R8xc3 42. Rxc3 Rxc3 43. Rf2 0-1

[Event "22. Torneo de Otoño C.C.C. 2017"]
[Site "Colmenarejo ESP"]
[Date "2017.10.15"]
[Round "5.2"]
[White "Martin Andres, Carlos"]
[Black "Juez Gastanaga, Aitor"]
[Result "1/2-1/2"]
[WhiteElo "1559"]
[BlackElo "1718"]
[PlyCount "64"]
[EventDate "2017.09.17"]
[EventType "swiss"]
[EventRounds "7"]
[EventCountry "ESP"]
[SourceTitle "Ajedrez en Madrid"]
[Source "lmi"]
[SourceDate "2017.09.17"]

1. b3 e5 2. Bb2 Nc6 3. c4 Nf6 4. e3 Bc5 5. a3 a5 6. Nf3 d6 7. d4 exd4 8. exd4
Qe7+ 9. Be2 Bb6 10. O-O Bg4 11. Re1 O-O 12. Nbd2 Rfe8 13. Qc2 Qd7 14. Bd3 Bxf3
15. Nxf3 Qg4 16. Bf5 Qf4 17. Rxe8+ Rxe8 18. Bc1 Nxd4 19. Bxf4 Nxc2 20. Bxc2 Re2
21. Bd3 Rxf2 22. Kh1 Rb2 23. Rb1 Ra2 24. a4 Ng4 25. Bg3 Ne3 26. Re1 Kf8 27. Re2
Ra1+ 28. Ne1 Ng4 29. h3 Nf2+ 30. Kh2 Nxd3 31. Nxd3 Bg1+ 32. Kh1 Bf2+ 1/2-1/2

[Event "22. Torneo de Otoño C.C.C. 2017"]
[Site "Colmenarejo ESP"]
[Date "2017.10.15"]
[Round "5.4"]
[White "Garcia Diaz, Alejandro"]
[Black "Dominguez Coig, Alvaro"]
[Result "1-0"]
[WhiteElo "1763"]
[BlackElo "1575"]
[PlyCount "109"]
[EventDate "2017.09.17"]
[EventType "swiss"]
[EventRounds "7"]
[EventCountry "ESP"]
[SourceTitle "Ajedrez en Madrid"]
[Source "lmi"]
[SourceDate "2017.09.17"]

1. e4 c5 2. Nf3 d6 3. d4 cxd4 4. c3 dxc3 5. Nxc3 Nf6 6. Bc4 Qc7 7. Qe2 a6 8.
O-O e6 9. Rd1 Be7 10. h3 O-O 11. Bf4 Rd8 12. e5 Ne8 13. Rac1 Nc6 14. exd6 Bxd6
15. Bg5 Be7 16. Ne4 Bxg5 17. Nfxg5 Rxd1+ 18. Rxd1 Qe7 19. Qh5 h6 20. Nf3 b5 21.
Bd3 Ra7 22. Rc1 Rc7 23. a3 Nf6 24. Qh4 Nd5 25. Qxe7 Ncxe7 26. Rxc7 Nxc7 27. Nd6
f6 28. Kf1 e5 29. Nxc8 Nxc8 30. Ke2 Nd6 31. Nd2 Kf7 32. Ne4 Nxe4 33. Bxe4 Ke6
34. g4 Nd5 35. Kd2 Kd6 36. Kc2 Nf4 37. h4 g6 38. b4 Kc7 39. Kb3 Kb6 40. a4 a5
41. axb5 Kxb5 42. bxa5 Kxa5 43. Kc4 Kb6 44. f3 g5 45. h5 Ne6 46. Kd5 Ng7 47.
Kd6 f5 48. gxf5 Nxh5 49. Kxe5 Kc7 50. Ke6 Kd8 51. Kf7 Ng3 52. Kg6 Nxe4 53. Kxh6
Ke7 54. Kh5 Kf6 55. fxe4 1-0

[Event "22. Torneo de Otoño C.C.C. 2017"]
[Site "Colmenarejo ESP"]
[Date "2017.10.15"]
[Round "5.5"]
[White "Peña Hernandez, Francisco"]
[Black "Olmedo Aznar, Eduardo"]
[Result "0-1"]
[WhiteElo "1516"]
[BlackElo "1542"]
[PlyCount "116"]
[EventDate "2017.09.17"]
[EventType "swiss"]
[EventRounds "7"]
[EventCountry "ESP"]
[SourceTitle "Ajedrez en Madrid"]
[Source "lmi"]
[SourceDate "2017.09.17"]

1. d4 Nf6 2. c4 e5 3. dxe5 Ng4 4. Nf3 Bc5 5. e3 Nc6 6. a3 Ncxe5 7. b4 Be7 8.
Bb2 Bf6 9. Nxe5 Nxe5 10. Qc2 d6 11. Be2 O-O 12. O-O Bg4 13. f3 Bh5 14. Nd2 Bg6
15. Ne4 Nd7 16. Nxf6+ Nxf6 17. e4 Qe7 18. Rad1 Nh5 19. Qd2 Qh4 20. Bc1 Qe7 21.
Qd5 b6 22. Bg5 Qe5 23. Qxe5 dxe5 24. Rd7 f6 25. Be3 Rfc8 26. g4 Nf4 27. Bxf4
exf4 28. Rfd1 Be8 29. R7d5 g5 30. Kf2 Kf7 31. Rf5 Rd8 32. e5 Rxd1 33. Rxf6+ Kg7
34. Bxd1 Rd8 35. Ke2 Bg6 36. Rc6 Rd7 37. Bb3 Re7 38. Kd2 Be8 39. Rf6 Rxe5 40.
Rf5 Rxf5 41. gxf5 Kf6 42. Bc2 Bd7 43. Kc3 Bxf5 44. Bxf5 Kxf5 45. h3 Ke5 46. Kd3
c5 47. b5 h6 48. a4 h5 49. Kc3 Kf5 50. Kd3 g4 51. fxg4+ hxg4 52. hxg4+ Kxg4 53.
Ke4 f3 54. Kd5 f2 55. Kc6 f1=Q 56. Kb7 Qxc4 57. Kxa7 Qxa4+ 58. Kxb6 c4 0-1

[Event "22. Torneo de Otoño C.C.C. 2017"]
[Site "Colmenarejo ESP"]
[Date "2017.10.15"]
[Round "5.6"]
[White "Criado Riesgo, Manuel"]
[Black "Olmedo Alvarez, Marcos"]
[Result "1-0"]
[WhiteElo "1646"]
[BlackElo "1360"]
[PlyCount "111"]
[EventDate "2017.09.17"]
[EventType "swiss"]
[EventRounds "7"]
[EventCountry "ESP"]
[SourceTitle "Ajedrez en Madrid"]
[Source "lmi"]
[SourceDate "2017.09.17"]

1. d4 f5 2. c4 e6 3. Nf3 Nf6 4. Bg5 d5 5. e3 c6 6. Nc3 Bd6 7. Be2 O-O 8. O-O
Nbd7 9. cxd5 exd5 10. Rc1 Qe8 11. Bf4 Ne4 12. Nxe4 Bxf4 13. Ng3 Bd6 14. Bd3
Bxg3 15. hxg3 Qh5 16. Nh4 Nf6 17. Qxh5 Nxh5 18. Nf3 Be6 19. Ne5 Rf6 20. Be2 Rh6
21. Bxh5 Rxh5 22. Rc3 Rf8 23. Rfc1 Rf6 24. f4 Rfh6 25. Kf2 g5 26. Rb3 Bc8 27.
Nxc6 Rxc6 28. Rxc6 bxc6 29. Rb8 g4 30. Rxc8+ Kf7 31. Rxc6 Ke8 32. Ra6 Rh1 33.
Rxa7 h5 34. b4 Rb1 35. a3 Rb2+ 36. Kg1 Rb3 37. Ra5 Rxe3 38. Rxd5 Rxa3 39. Rxf5
Rxg3 40. Rxh5 Rb3 41. Rg5 g3 42. Kf1 Rb1+ 43. Ke2 Rb2+ 44. Kf3 Rxb4 45. Ke4 Rb3
46. d5 Kd7 47. Rg6 Rb4+ 48. Ke5 Rb3 49. Rg7+ Kc8 50. f5 Re3+ 51. Kd6 Re8 52. f6
Rd8+ 53. Ke6 Re8+ 54. Re7 Kd8 55. Rxe8+ Kxe8 56. d6 1-0

[Event "22. Torneo de Otoño C.C.C. 2017"]
[Site "Colmenarejo ESP"]
[Date "2017.10.15"]
[Round "5.8"]
[White "Perez Rodrigo, Alicia"]
[Black "Alonso Saiz, Luis"]
[Result "0-1"]
[WhiteElo "1377"]
[BlackElo "1508"]
[PlyCount "72"]
[EventDate "2017.09.17"]
[EventType "swiss"]
[EventRounds "7"]
[EventCountry "ESP"]
[SourceTitle "Ajedrez en Madrid"]
[Source "lmi"]
[SourceDate "2017.09.17"]

1. d4 d5 2. c4 e6 3. Nc3 Nf6 4. Bg5 Nbd7 5. cxd5 exd5 6. Nxd5 Nxd5 7. Bd2 N7f6
8. f3 Bb4 9. e4 Qe7 10. Be2 Bxd2+ 11. Qxd2 Nb4 12. a3 Na6 13. Nh3 Bxh3 14. gxh3
c6 15. Rg1 g6 16. Qh6 Nc7 17. h4 O-O-O 18. Qe3 Rhe8 19. Rd1 Kb8 20. Rd3 Nd7 21.
Rg5 h6 22. Rg4 h5 23. Rg5 Nb6 24. Qf2 Ne6 25. Ra5 Nf4 26. Rb3 Nxe2 27. Kxe2 Rd6
28. Kf1 Qc7 29. Kg2 Red8 30. Rb4 Nc4 31. Rxa7 Kxa7 32. Rxc4 Kb8 33. d5 Qa5 34.
Rc5 Qb6 35. Rc2 Qxf2+ 36. Rxf2 cxd5 0-1

[Event "22. Torneo de Otoño C.C.C. 2017"]
[Site "Colmenarejo ESP"]
[Date "2017.10.15"]
[Round "5.9"]
[White "Orta Vazquez, Mario"]
[Black "Bahillo Vallejo, Ignacio"]
[Result "1-0"]
[WhiteElo "1424"]
[BlackElo "1263"]
[PlyCount "87"]
[EventDate "2017.09.17"]
[EventType "swiss"]
[EventRounds "7"]
[EventCountry "ESP"]
[SourceTitle "Ajedrez en Madrid"]
[Source "lmi"]
[SourceDate "2017.09.17"]

1. c4 c5 2. Nc3 e6 3. Nf3 Nc6 4. d4 cxd4 5. Nxd4 d5 6. cxd5 exd5 7. Bf4 Nf6 8.
a3 Bd6 9. Bxd6 Qxd6 10. e3 O-O 11. Be2 a6 12. O-O Re8 13. Rc1 Bd7 14. Na4 Nxd4
15. Qxd4 Re4 16. Qc5 Qe6 17. Nb6 Re8 18. Nxd7 Nxd7 19. Qc7 b5 20. Rc6 Qe7 21.
Bf3 Ne5 22. Qxe7 Nxf3+ 23. gxf3 R4xe7 24. Rxa6 Re6 25. Rxe6 fxe6 26. Rc1 Ra8
27. Rc6 Kf7 28. Rc7+ Kf6 29. Rb7 Ra5 30. Kg2 h5 31. h4 g6 32. f4 e5 33. Rb6+
Kf5 34. fxe5 Kxe5 35. Rxg6 Kf5 36. Rg5+ Ke4 37. Rxh5 b4 38. axb4 Rb5 39. Rg5
Kd3 40. h5 Kc2 41. h6 Rb8 42. Rxd5 Kxb2 43. h7 Kc3 44. b5 1-0

[Event "22. Torneo de Otoño C.C.C. 2017"]
[Site "Colmenarejo ESP"]
[Date "2017.10.15"]
[Round "5.10"]
[White "Guerra Pantojo, Daniel"]
[Black "Mataix Fernandez, Ricardo"]
[Result "0-1"]
[WhiteElo "1390"]
[BlackElo "1762"]
[PlyCount "86"]
[EventDate "2017.09.17"]
[EventType "swiss"]
[EventRounds "7"]
[EventCountry "ESP"]
[SourceTitle "Ajedrez en Madrid"]
[Source "lmi"]
[SourceDate "2017.09.17"]

1. d4 e6 2. Bf4 Nf6 3. e3 d5 4. Bd3 c5 5. c3 Qb6 6. Qc2 Nc6 7. Nf3 a6 8. a3 c4
9. Be2 Nh5 10. Bg3 Nxg3 11. fxg3 g6 12. O-O Bh6 13. Qc1 Na5 14. Bd1 O-O 15. Re1
f5 16. Nbd2 Bd7 17. Ne5 Qc7 18. Kh1 b5 19. Rb1 Nc6 20. Nxc6 Bxc6 21. Nf3 a5 22.
Qd2 Rfb8 23. Bc2 Qd6 24. Ne5 Bg7 25. Nf3 b4 26. axb4 axb4 27. Ra1 b3 28. Rxa8
Rxa8 29. Bd1 Ra2 30. Re2 Be8 31. Rf2 Qa6 32. Kg1 Bf8 33. Qe1 Ra1 34. Qd2 Qa2
35. h3 Rb1 36. Kh2 Qa1 37. Rf1 Qxb2 38. h4 Qa1 39. Qe2 Qxc3 40. Ne5 Bd6 41. g4
Bxe5+ 42. dxe5 Qxe5+ 43. g3 Rb2 0-1

[Event "22. Torneo de Otoño C.C.C. 2017"]
[Site "Colmenarejo ESP"]
[Date "2017.10.15"]
[Round "5.11"]
[White "Olmedo Alvarez, Jesus"]
[Black "Garcia Fernandez, Jose Luis"]
[Result "1/2-1/2"]
[WhiteElo "1344"]
[BlackElo "1759"]
[PlyCount "67"]
[EventDate "2017.09.17"]
[EventType "swiss"]
[EventRounds "7"]
[EventCountry "ESP"]
[SourceTitle "Ajedrez en Madrid"]
[Source "lmi"]
[SourceDate "2017.09.17"]

1. e4 c6 2. d3 d5 3. Nd2 e5 4. Ngf3 Bd6 5. g3 Nf6 6. Bg2 Bg4 7. O-O Nbd7 8. Re1
O-O 9. Nf1 dxe4 10. dxe4 h6 11. Qxd6 Qa5 12. Bd2 Qb5 13. b3 Rad8 14. a4 Qb6 15.
Nxe5 Nc5 16. Nc4 Rxd6 17. Nxb6 axb6 18. Bb4 Rd7 19. a5 Rfd8 20. Bxc5 bxc5 21.
a6 b5 22. e5 Nd5 23. Ne3 Be6 24. a7 Ra8 25. c4 bxc4 26. bxc4 Nb4 27. Red1 Rdxa7
28. Rxa7 Rxa7 29. f4 Ra3 30. Be4 Kf8 31. Nf5 Bxf5 32. Bxf5 g6 33. Be4 Rc3 34.
Rd6 1/2-1/2

[Event "22. Torneo de Otoño C.C.C. 2017"]
[Site "Colmenarejo ESP"]
[Date "2017.10.15"]
[Round "5.12"]
[White "Rapaport, Andres Natalio"]
[Black "Urruti Diaz, Anibal Agustin"]
[Result "0-1"]
[WhiteElo "1362"]
[BlackElo "1681"]
[PlyCount "62"]
[EventDate "2017.09.17"]
[EventType "swiss"]
[EventRounds "7"]
[EventCountry "ESP"]
[SourceTitle "Ajedrez en Madrid"]
[Source "lmi"]
[SourceDate "2017.09.17"]

1. d4 d5 2. Bf4 Bf5 3. Nf3 Nf6 4. e3 e6 5. Be2 Nh5 6. Bg5 Nf6 7. h3 h6 8. Bf4
Be7 9. Nbd2 c5 10. c3 Nc6 11. O-O O-O 12. Ne5 Nxe5 13. dxe5 Nh7 14. Rc1 Qb6 15.
b3 Rfd8 16. Bg4 Bg6 17. Be2 d4 18. Nc4 Qa6 19. Qd2 dxc3 20. Qxc3 Qxa2 21. Bf3
Rd3 22. Ra1 Rxc3 23. Rxa2 Rxb3 24. Rd2 Bd3 25. Be2 Bxe2 26. Rxe2 Rd8 27. Nb2 b5
28. e4 c4 29. Rc1 a5 30. Rd2 Rxd2 31. Bxd2 Ba3 0-1

[Event "22. Torneo de Otoño C.C.C. 2017"]
[Site "Colmenarejo ESP"]
[Date "2017.10.15"]
[Round "5.13"]
[White "Almodovar Manzanares, Vicente"]
[Black "Peña Negueruela, Francisco"]
[Result "1-0"]
[WhiteElo "1537"]
[BlackElo "1286"]
[PlyCount "101"]
[EventDate "2017.09.17"]
[EventType "swiss"]
[EventRounds "7"]
[EventCountry "ESP"]
[SourceTitle "Ajedrez en Madrid"]
[Source "lmi"]
[SourceDate "2017.09.17"]

1. c4 c6 2. d4 d5 3. c5 b6 4. b4 Ba6 5. Nc3 e6 6. Bf4 b5 7. Nf3 Be7 8. Qc2 h6
9. e4 dxe4 10. Nxe4 Nf6 11. Nd6+ Bxd6 12. Bxd6 Nd5 13. a3 Nd7 14. Bd3 Qf6 15.
Ne5 Nxe5 16. Bxe5 Qg5 17. O-O Nf4 18. Be4 Bb7 19. Bd6 f5 20. Bf3 h5 21. g3 Nd5
22. h4 Qg6 23. Rae1 O-O-O 24. Bxd5 exd5 25. Re7 Rhe8 26. Rc7+ Kb8 27. Rxg7+
Rxd6 28. Rxg6 Rxg6 29. Qxf5 Rh6 30. Qf7 Rhh8 31. Kg2 a6 32. Qf4+ Ka7 33. Qc7
Ka8 34. f4 Re2+ 35. Rf2 Re4 36. Qg7 Ree8 37. f5 Rhg8 38. Qd7 Bc8 39. Qxc6+ Bb7
40. Qh6 Rh8 41. Qc1 Rc8 42. f6 Rhf8 43. Rf5 Bc6 44. Qf4 Rce8 45. Rxh5 Re2+ 46.
Kf3 Re1 47. Kf2 Re4 48. Qd6 Ree8 49. Qxc6+ Kb8 50. Rh7 Rc8 51. Qb7# 1-0

[Event "22. Torneo de Otoño C.C.C. 2017"]
[Site "Colmenarejo ESP"]
[Date "2017.10.22"]
[Round "6.1"]
[White "Juez Gastanaga, Aitor"]
[Black "Minguez Greciano, Iluminada"]
[Result "1/2-1/2"]
[WhiteElo "1718"]
[BlackElo "1836"]
[PlyCount "65"]
[EventDate "2017.09.17"]
[EventType "swiss"]
[EventRounds "7"]
[EventCountry "ESP"]
[SourceTitle "Ajedrez en Madrid"]
[Source "lmi"]
[SourceDate "2017.09.17"]

1. e4 c6 2. d4 d5 3. exd5 cxd5 4. c4 Nf6 5. Nc3 Nc6 6. cxd5 Nxd5 7. Bc4 e6 8.
Nf3 Be7 9. O-O O-O 10. Re1 a6 11. a3 b5 12. Bd3 Bb7 13. Nxd5 Qxd5 14. Be4 Qh5
15. Ne5 Qxd1 16. Rxd1 Na5 17. Bxb7 Nxb7 18. Be3 Rac8 19. d5 Bd6 20. Nd7 Rfd8
21. Nb6 Rc7 22. dxe6 fxe6 23. b4 Kf7 24. g3 h6 25. Rac1 Rxc1 26. Rxc1 Bb8 27.
Kg2 Nd6 28. Bf4 Ke7 29. Bxd6+ Kxd6 30. Rd1+ Kc7 31. Na8+ Kc8 32. Nb6+ Kc7 33.
Na8+ 1/2-1/2

[Event "22. Torneo de Otoño C.C.C. 2017"]
[Site "Colmenarejo ESP"]
[Date "2017.10.22"]
[Round "6.2"]
[White "Olmedo Aznar, Eduardo"]
[Black "Martin Andres, Carlos"]
[Result "0-1"]
[WhiteElo "1542"]
[BlackElo "1559"]
[PlyCount "100"]
[EventDate "2017.09.17"]
[EventType "swiss"]
[EventRounds "7"]
[EventCountry "ESP"]
[SourceTitle "Ajedrez en Madrid"]
[Source "lmi"]
[SourceDate "2017.09.17"]

1. e4 e5 2. d4 Nc6 3. d5 Nce7 4. Nf3 d6 5. c4 Ng6 6. Nc3 Be7 7. Bd2 f5 8. Bd3
fxe4 9. Nxe4 Nf6 10. Qc2 Nf8 11. h3 c6 12. Rc1 Bd7 13. Nxe5 dxe5 14. d6 Nxe4
15. dxe7 Qxe7 16. Bxe4 g6 17. Bc3 Rg8 18. b3 O-O-O 19. O-O h6 20. Rfe1 Nh7 21.
Bf3 Bf5 22. Qe2 Qg5 23. Qe3 Bxh3 24. Qxg5 Nxg5 25. Bxe5 Rd2 26. Bd1 Bf5 27. f4
Nf7 28. a3 Re8 29. g4 Bd7 30. Rc2 Rxc2 31. Bxc2 Nxe5 32. Rxe5 Rxe5 33. fxe5
Bxg4 34. Bxg6 Kd7 35. Bf7 Ke7 36. Bg8 Bf5 37. e6 Bxe6 38. Bh7 c5 39. Kf2 a5 40.
Be4 b6 41. Kg3 Kf6 42. Kh4 Bf7 43. Bf3 Ke5 44. Kg4 Bg6 45. Bd1 Kd4 46. Kf4 Kc3
47. Ke5 Bc2 48. Be2 Kxb3 49. Kd6 Kxa3 50. Kc6 Kb4 0-1

[Event "22. Torneo de Otoño C.C.C. 2017"]
[Site "Colmenarejo ESP"]
[Date "2017.10.22"]
[Round "6.3"]
[White "Garcia Diaz, Alejandro"]
[Black "Criado Riesgo, Manuel"]
[Result "1-0"]
[WhiteElo "1763"]
[BlackElo "1646"]
[PlyCount "50"]
[EventDate "2017.09.17"]
[EventType "swiss"]
[EventRounds "7"]
[EventCountry "ESP"]
[SourceTitle "Ajedrez en Madrid"]
[Source "lmi"]
[SourceDate "2017.09.17"]

1. e4 d5 2. exd5 Qxd5 3. Nc3 Qd8 4. Bc4 e6 5. Nf3 Nf6 6. O-O Be7 7. d4 c6 8.
Bf4 Nbd7 9. Qe2 O-O 10. Rad1 Nd5 11. Nxd5 cxd5 12. Bd3 Nf6 13. Rfe1 Nh5 14. Be5
f6 15. Bg3 Nxg3 16. hxg3 Qb6 17. c3 Bd7 18. Nh4 f5 19. Nxf5 Bf6 20. Nh4 Rae8
21. Qh5 g6 22. Nxg6 hxg6 23. Qxg6+ Bg7 24. Qh7+ Kf7 25. Bg6+ Kf6 1-0

[Event "22. Torneo de Otoño C.C.C. 2017"]
[Site "Colmenarejo ESP"]
[Date "2017.10.22"]
[Round "6.4"]
[White "Alonso Saiz, Luis"]
[Black "Orta Vazquez, Mario"]
[Result "0-1"]
[WhiteElo "1508"]
[BlackElo "1424"]
[PlyCount "92"]
[EventDate "2017.09.17"]
[EventType "swiss"]
[EventRounds "7"]
[EventCountry "ESP"]
[SourceTitle "Ajedrez en Madrid"]
[Source "lmi"]
[SourceDate "2017.09.17"]

1. e4 c5 2. Nc3 e6 3. Bc4 Nc6 4. Nf3 g6 5. a3 Bg7 6. d3 Nge7 7. O-O d5 8. exd5
exd5 9. Ba2 O-O 10. Ne2 Bg4 11. Ng3 Nd4 12. c3 Nxf3+ 13. gxf3 Bh3 14. Re1 Qc7
15. f4 Qc6 16. Rxe7 d4 17. f3 Rad8 18. Ne4 dxc3 19. bxc3 Bf5 20. Qe2 a6 21. Rb1
b5 22. Bd2 Qb6 23. Kg2 Bf6 24. Nxf6+ Qxf6 25. Be1 Bxd3 26. Qe5 Qxe5 27. Rxe5
Bxb1 28. Bxb1 Rd1 29. Bc2 Rc1 30. Re2 c4 31. Kf2 Ra1 32. a4 bxa4 33. Bd2 a3 34.
Ba4 a2 35. Be3 Rf1+ 36. Kxf1 a1=Q+ 37. Kf2 Qxa4 38. Bd4 Re8 39. Rb2 Qd1 40. Be3
Rxe3 41. Kxe3 Qc1+ 42. Rd2 Qxc3+ 43. Ke2 a5 44. Ra2 a4 45. Kf2 a3 46. Re2 Qb2
0-1

[Event "22. Torneo de Otoño C.C.C. 2017"]
[Site "Colmenarejo ESP"]
[Date "2017.10.22"]
[Round "6.5"]
[White "Mataix Fernandez, Ricardo"]
[Black "Rodriguez Gomez, Jose"]
[Result "1-0"]
[WhiteElo "1762"]
[BlackElo "1585"]
[PlyCount "41"]
[EventDate "2017.09.17"]
[EventType "swiss"]
[EventRounds "7"]
[EventCountry "ESP"]
[SourceTitle "Ajedrez en Madrid"]
[Source "lmi"]
[SourceDate "2017.09.17"]

1. e4 e5 2. Nf3 Nc6 3. Bc4 Bc5 4. d4 exd4 5. c3 Qe7 6. O-O Ne5 7. Bb3 dxc3 8.
Nxc3 Nf6 9. Bg5 c6 10. Kh1 O-O 11. Nxe5 Qxe5 12. f4 Qd4 13. Qf3 Ne8 14. Rad1
Qb4 15. Na4 Nc7 16. Nxc5 Qxc5 17. f5 Nb5 18. Be3 Qb4 19. f6 g6 20. Qf4 Nd6 21.
Rxd6 1-0

[Event "22. Torneo de Otoño C.C.C. 2017"]
[Site "Colmenarejo ESP"]
[Date "2017.10.22"]
[Round "6.6"]
[White "Serrano Martinez, Francisco Jose"]
[Black "Peña Hernandez, Francisco"]
[Result "1-0"]
[WhiteElo "1851"]
[BlackElo "1516"]
[PlyCount "53"]
[EventDate "2017.09.17"]
[EventType "swiss"]
[EventRounds "7"]
[EventCountry "ESP"]
[SourceTitle "Ajedrez en Madrid"]
[Source "lmi"]
[SourceDate "2017.09.17"]

1. e4 e5 2. Nf3 d6 3. d4 exd4 4. Nxd4 Nf6 5. Nc3 Nbd7 6. Bc4 g6 7. O-O Bg7 8.
Bg5 h6 9. Bh4 O-O 10. f4 c6 11. Kh1 Qc7 12. a4 Nb6 13. Bb3 a5 14. Qd3 Bd7 15.
Rad1 Rae8 16. e5 dxe5 17. fxe5 Qxe5 18. Qxg6 Ng4 19. Bxf7+ Kh8 20. Nf3 Qf4 21.
Bxe8 Bxe8 22. Qd3 Ne3 23. Bg3 Nxd1 24. Bxf4 Nxc3 25. bxc3 Rxf4 26. Qe3 Rf8 27.
Qxb6 1-0

[Event "22. Torneo de Otoño C.C.C. 2017"]
[Site "Colmenarejo ESP"]
[Date "2017.10.22"]
[Round "6.8"]
[White "Urruti Diaz, Anibal Agustin"]
[Black "Olmedo Alvarez, Jesus"]
[Result "1-0"]
[WhiteElo "1681"]
[BlackElo "1344"]
[PlyCount "79"]
[EventDate "2017.09.17"]
[EventType "swiss"]
[EventRounds "7"]
[EventCountry "ESP"]
[SourceTitle "Ajedrez en Madrid"]
[Source "lmi"]
[SourceDate "2017.09.17"]

1. e4 e6 2. d4 d5 3. e5 c5 4. c3 Nc6 5. Nf3 Qb6 6. Be2 Nge7 7. dxc5 Qxc5 8. Be3
Qa5 9. b4 Qc7 10. Bb5 a6 11. Bxc6+ bxc6 12. O-O Nf5 13. Bf4 c5 14. a3 Be7 15.
Nbd2 Bd7 16. h3 O-O 17. Re1 a5 18. h4 Nxh4 19. Nxh4 Bxh4 20. Rc1 cxb4 21. cxb4
Qb6 22. Be3 Bxf2+ 23. Bxf2 Qd8 24. Bc5 Re8 25. Qf3 Bb5 26. Nb3 axb4 27. Bxb4 d4
28. Red1 d3 29. Nc5 Qd4+ 30. Qf2 Qxe5 31. Nxd3 Bxd3 32. Rxd3 Rec8 33. Rcd1 Qc7
34. Rd7 Qxd7 35. Rxd7 f6 36. Qa2 Ra6 37. Qd2 h6 38. Rd8+ Rxd8 39. Qxd8+ Kh7 40.
Qd3+ 1-0